Detalles MARC
| 000 -LIDER |
| fixed length control field |
03869nam a22003377a 4500 |
| 003 - IDENTIFICACDOR DE NÚMERO DE CONTROL |
| control field |
DO-SdBNP |
| 005 - DATE AND TIME OF LATEST TRANSACTION |
| control field |
20210420123857.0 |
| 008 - ELEMENTOS DE LONGITUD FIJA |
| fixed length control field |
171110b 2005 dr| 00| 0 spa d |
| 020 ## - ISBN |
| International Standard Book Number |
9993439428 |
| 040 ## - FUENTE DE CATALOGACIÓN |
| Agencia que crea de manera original el registro |
BPMSU |
| Idioma de catalogación |
spa |
| Agencia que realiza la transcripción |
BPMSU |
| 082 ## - NÚMERO DE CLASIFICACIÓN DECIMAL DE DEWEY |
| Classification number |
410 |
| Item number |
C422e |
| Edition number |
22 |
| 092 ## - LOCALLY ASSIGNED DEWEY DECIMAL CALL NUMBER |
| Número de clasificación |
|
| Número de ítem (Cutter) |
|
| 100 1# - ASIENTO PRINCIPAL -- NOMBRE PERSONAL |
| Nombre personal |
Céspedes, Diógenes, |
| Fechas asociadas con el nombre |
1941- |
| 245 10 - MENCIÓN DE TITULO |
| Título |
Ensayos sobre lingüística, poética y cultura / |
| Mención de responsabilidad |
Diógenes Céspedes. |
| 250 ## - MENCIÓN DE EDICION |
| Mención de edición |
2a ed. |
| 260 ## - PUBLICACIÓN, DISTRIBUCIÓN, ETC. (PIE DE IMPRENTA) |
| Lugar de publicación, distribución, etc |
Santo Domingo : |
| Nombre del editor, distribuidor, etc. |
La Trinitaria ; |
| Fecha de publicación, distribución, etc |
2005. |
| 300 ## - DESCRIPCIÓN FÍSICA |
| Extensión |
475 p. ; |
| Dimensiones |
23 cm. |
| 500 ## - NOTA GENERAL |
| Nota general |
Incluye referencias bibliográficas y notas al pie de las páginas |
| 500 ## - NOTA GENERAL |
| Nota general |
Incluye datos biográficos del autor en las solapas |
| 505 0# - NOTA DE CONTENIDO |
| Texto normalizado de contenido |
Presentación -- Introducción -- Lingüística -- La semiótica no se ocupa de textos literarios -- Pedro Henríquez Ureña sí leyó a Saussure -- La prueba definitiva de que Pedro Henríquez Ureña leyó a Saussure -- Poética -- El riesgo de la poética de Rafael Catalá -- ¿Es Balaguer poeta? -- Introducción a una antología valorativa de textos literarios dominicanos (1900-1991) -- El ritmo : ideas y prácticas en seis escritores del Caribe e Hispanoamérica -- El entremés de Cristobal de Llerena íntegro por primera vez en la prensa -- La cuentística de Miguel Phipps o la transición entre dos culturas -- Los héroes de la generación X -- La literatura de la generación X -- La estrategia política del grupo poético del 48 -- Retratos contemporáneos. Henri Meschonnic : la influencia de su poética -- Retratos contemporáneos : Octavio Paz (1914-98) : entre la fe y el conocimiento -- Las imágenes del haitiano en la literatura dominicana -- La crítica literaria francesa y su influjo en la República Dominicana -- Balaguer, ¿padre de la democracia y la poesía? -- Joaquín Balaguer : el círculo de una vida literaria -- Juan Bosch : un ensayista de su tiempo -- Juan Bosch: un escritor para siempre -- La ética de pensar es práctica individual del sujeto -- Situación de la crítica literaria dominicana hasta el 2002 -- La poética de Gastón F. Deligne -- La poética de Federico Bermúdez -- El valor literario como problema en el discurso filosófico de Juan Francisco Sánchez -- Música popular (Sin partituras ) -- Apuntes sobre la función ideológica del bolero -- Lectura semántica de algunos boleros -- El flamenco : música nacional de España (Esquema para un programa radial) 296 -- Investigación y revalorización del merengue -- Una joya de disco compacto -- Brito el grande -- Brito, la voz -- Brito : el poema en la canción -- Brito, romanzas famosas -- Brito, romanzas famosas, y punto -- Eduardo Brito en CD -- Brito, canciones y contexto epocal -- Tito Cánepa, vivencias de un pintor -- Juan Luis Guerra y el riesgo de la creatividad -- Silvio Rodríguez, más allá de la función ideológica -- El jazz blanco de Kenny Neal -- Sistemas de signos : dándoles palos a los palos -- El jazz dominicano : entre la creatividad y la búsqueda de estatus social -- Filosofía del bolero -- Miguel Holguín Veras corrige el álbum Cerón-Contín Aybar -- La bachata : una visión personal 400 -- Cultura -- Notas para un comentario sobre los posmoderno -- Crítica al racionalismo del posmodernismo -- La ausencia de cultura popular en el discurso tradicional sobre la dominicanidad -- El deporte como cultura (Sosa y McGwire : calidad y competitividad en un mundo de identidades cambiantes) -- ¿Existe nación dominicana?. |
| 590 ## - NOTA LOCAL |
| Enlace |
Inventariado, 2021/VM |
| 650 #4 - ENCABEZAMIENTO DE MATERIA--TEMÁTICO |
| Término temático o nombre geográfico como elemento de entrada |
Lingüística |
| Subdivisión de forma |
Ensayos, conferencias, etc. |
| 650 #4 - ENCABEZAMIENTO DE MATERIA--TEMÁTICO |
| Término temático o nombre geográfico como elemento de entrada |
Ensayos dominicanos |
| 650 #4 - ENCABEZAMIENTO DE MATERIA--TEMÁTICO |
| Término temático o nombre geográfico como elemento de entrada |
Autores dominicanos |
| Subdivisión de forma |
Ensayos, conferencias, etc |
| 650 #4 - ENCABEZAMIENTO DE MATERIA--TEMÁTICO |
| Término temático o nombre geográfico como elemento de entrada |
Lenguaje y cultura. |
| 650 #4 - ENCABEZAMIENTO DE MATERIA--TEMÁTICO |
| Término temático o nombre geográfico como elemento de entrada |
Literatura dominicana |
| 910 ## - VALIDACIÓN |
| Validación |
VMateo |
| 942 ## - ADDED ENTRY ELEMENTS (KOHA) |
| Source of classification or shelving scheme |
Dewey Decimal Classification |
| Koha item type |
Libros |
| 945 ## - INFORMACIÓN DE PROCESAMIENTO LOCAL |
| Información de procesamiento local |
Inventariado, 2018 /LP |
| 956 ## - LOCAL ELECTRONIC LOCATION AND ACCESS (OCLC) |
| Nombre de host |
BTAVAREZ |
| Número de acceso |
10 |
| Información de compresión |
20171110 |
| Trayectoria |
0038 |